Statistics for Syria Country Quiz

Click here to take the quiz!

General Stats

  • This quiz has been taken 9,670 times
    (9,553 since last reset)
  • The average score is 14 of 20

Answer Stats

ClueAnswer% Correct
Official languageArabic
99%
Capital of SyriaDamascus
97%
Name either of the two countries that have supported the Syrian government
during the current Civil War
Iran | Russia
93%
Country with which Syria shares its longest borderTurkey
92%
Empire which controlled Syria from 1516–1918Ottoman Empire
91%
"Caliphate" which controlled a significant amount of territory in Syria during the 2010sISIS
89%
Body of water which Syria bordersMediterranean Sea
85%
European country that had a "mandate" to oversee Syria from 1924–1946France
85%
River that flows through much of Syria on its path to the Persian GulfEuphrates
69%
Region, starting with L, that Syria is a part ofThe {Levant}
68%
Area that Israel took from Syria during the Six-Day War{Golan} Heights
68%
Most populous city in terms of city properAleppo
68%
Ancient Mesopotamian kingdom from which Syria takes its nameAssyria
67%
Current leader of SyriaBashar al-Assad
66%
Country with which Syria was united from 1958–1961, forming the "United Arab Republic"Egypt
64%
In ancient times, Syria was part of this area, also known as the "cradle of civilization"{Fertile} Crescent
63%
Political party to which the above belongsBa'ath
39%
Currency of SyriaSyrian Pound
36%
Third-largest city, formerly known as EmesaHoms
28%
Minority branch of Islam to which the ruling class of Syria belongs (starts with A){Alawite}s
24%

Score Distribution

Percentile by Number Answered

Percent of People with Each Score

Your Score History

You have not taken this quiz since the last reset